| 000 | 01350nam a2200325 c 4500 | ||
|---|---|---|---|
| 003 | BLK | ||
| 005 | 20180420231041.0 | ||
| 008 | 180409b bul|||||r ||||||| ||bul|| | ||
| 010 | _aKNG00120739000 | ||
| 040 | _aBLK | ||
| 041 |
_aBUL _cBUL |
||
| 080 |
_aХудожествено изработени тъкани, гоблени, килими и покривки _b745.522 _x _z745.522 |
||
| 100 | 1 |
_aОвчаров, Ангел В. _eпърви автор _9314016 |
|
| 700 | 1 |
_aОвчаров, Васил А. _eсъавт. _9314017 |
|
| 139 |
_aОвчаров, Ангел В. и др. _bО 33 |
||
| 245 | 1 | 0 |
_aХудожествено оформяване на тъканите _cАнгел В. Овчаров; съавт. Васил А. Овчаров. |
| 257 | _aBGR | ||
| 260 |
_аСофия _bТехника _c1966 |
||
| 300 |
_a102 с., 23 л. _bил. _c28 см |
||
| 380 | _a7 | ||
| 500 | _aБиблиогр. с. 100 | ||
| 650 | 4 |
_aТекстил - художествено обработване _9279098 |
|
| 653 | _aтеория за цвета | ||
| 653 | _aтекстилна рисунка | ||
| 852 | _aЦб ІІ 2949 | ||
| 856 | 4 |
_qpdf _u |
|
| 856 | 4 |
_qpdf _u |
|
| 942 |
_cKNG _n0 |
||
| 944 |
_aCR _c12.01.2011 _lдобави в АБ / 11.01.2011 _kНаталия_Любомирова |
||
| 944 |
_aED _c24.01.2015 _lдобави в АБ / 11.01.2011 _kИрена_Линкова |
||
| 999 |
_c115262 _d115262 |
||